Diseño y síntesis de nucleósidos carbocíclicos conformacionalmente restringidos

Plantea el diseño y síntesis de nucleósidos carbocíclicos conformacionalmente restringidos.

में बचाया:
ग्रंथसूची विवरण
मुख्य लेखक: Elhalem, Eleonora (लेखक)
निगमित लेखक: e-libro, Corp
अन्य लेखक: Rodríguez, Juan Bautista (निर्देशक)
स्वरूप: ई-पुस्तक
भाषा:स्पेनिश
प्रकाशित: Buenos Aires : Universidad de Buenos Aires, 2010.
विषय:
ऑनलाइन पहुंच:https://elibro.unach.elogim.com/es/lc/unach/titulos/86079
टैग: टैग जोड़ें
कोई टैग नहीं, इस रिकॉर्ड को टैग करने वाले पहले व्यक्ति बनें!

MARC

LEADER 00000nam a2200000 a 4500
001 ELB86079
003 FlNmELB
006 m o d |
007 cr cn|||||||||
008 201201r2010 ag |||||s|||||||||||spa d
024 8 |z 71208100110 
035 |a (MiAaPQ)EBC3202583 
035 |a (Au-PeEL)EBL3202583 
035 |a (CaPaEBR)ebr10609559 
035 |a (OCoLC)929373915 
040 |a FlNmELB  |b spa  |c FlNmELB 
050 4 |a QH308.2  |b E41 2010 
080 |a 577 
082 0 4 |a 572  |2 22 
100 1 |a Elhalem, Eleonora.  |4 aut 
245 1 0 |a Diseño y síntesis de nucleósidos carbocíclicos conformacionalmente restringidos  |h [recurso electronico]  |c Eleonora Elhalem. 
260 |a Buenos Aires :  |b Universidad de Buenos Aires,  |c 2010. 
300 |a 222 p. 
500 |a Tesis (doctorado) - Universidad de Buenos Aires. 
520 |a Plantea el diseño y síntesis de nucleósidos carbocíclicos conformacionalmente restringidos. 
533 |a Recurso electrónico. Santa Fe, Arg.: e-libro, 2015. Disponible vía World Wide Web. El acceso puede estar limitado para las bibliotecas afiliadas a e-libro. 
650 4 |a Ciencias.  |x Ciencias naturales.  |x Bioquímica. 
650 4 |a Science.  |x Life sciences.  |x Biochemistry. 
655 4 |a Libros electrónicos. 
700 1 |a Rodríguez, Juan Bautista.  |4 drt 
710 2 |a e-libro, Corp. 
856 4 0 |u https://elibro.unach.elogim.com/es/lc/unach/titulos/86079